UBT Library

The justices of the United States Supreme Court, 1789-1969, (Record no. 40310)

000 -LEADER
fixed length control field 00751cam a2200241 4500
001 - CONTROL NUMBER
control field 1707488
005 - DATE AND TIME OF LATEST TRANSACTION
control field 20180115092215.0
008 - FIXED-LENGTH DATA ELEMENTS--GENERAL INFORMATION
fixed length control field 700106m19691978nyu b 001 0ceng
010 ## - LIBRARY OF CONGRESS CONTROL NUMBER
LC control number 69013699
020 ## - INTERNATIONAL STANDARD BOOK NUMBER
International Standard Book Number 0835202178 (v. 14)
040 ## - CATALOGING SOURCE
Original cataloging agency DLC
Transcribing agency DLC
Modifying agency DLC
041 ## - LANGUAGE CODE
Language code of text/sound track or separate title eng
043 ## - GEOGRAPHIC AREA CODE
Geographic area code n-us---
080 ## - UNIVERSAL DECIMAL CLASSIFICATION NUMBER
Universal Decimal Classification number 347.732634 FRI
082 00 - DEWEY DECIMAL CLASSIFICATION NUMBER
Classification number 347.732634 FRI
-- B
100 1# - Rafti
Rafti 14
101 ## - Shkurtesa
Shkurtesa JUR
245 14 - TITLE STATEMENT
Title The justices of the United States Supreme Court, 1789-1969,
Statement of responsibility, etc Leon Friedman & Fred L. Israel, editors; with an introd. by Louis H. Pollak.
504 ## - BIBLIOGRAPHY, ETC. NOTE
Bibliography, etc Includes bibliographies.
740 0# - ADDED ENTRY--UNCONTROLLED RELATED/ANALYTICAL TITLE
Uncontrolled related/analytical title Burger Court, 1969-1978.
906 ## - LOCAL DATA ELEMENT F, LDF (RLIN)
a 7
b cbc
c orignew
d u
e ncip
f 19
g y-gencatlg
942 ## - ADDED ENTRY ELEMENTS (KOHA)
Source of classification or shelving scheme
Item type Books
Holdings
Withdrawn status Lost status Source of classification or shelving scheme Damaged status Not for loan Collection code Permanent location Current location Shelving location Date acquired Total Checkouts Full call number Barcode Date last seen Price effective from Koha item type
          Koleksioni i përgjithshem UBT - Lipjan UBT - Lipjan Koleksioni i përgjithshem 01/15/2018   347.732634 FRI 002-2995384 01/15/2018 01/15/2018 Books
UBT Library © 2015-2024. All rights reserved University Education for Business and Technology